000 00416pab a2200169 454500
008 180718b2008 xxu||||| |||| 00| 0 eng d
100 _aMajumder, Rajarshi
245 _aGlobalization and employment: a prelude
260 _c2008
300 _ap.505-15
362 _aOct-Dec
650 _aEmployment
650 _aGlobalization
773 _aIndian Journal of Labour Economics
908 _aN
909 _a80906
999 _c80906
_d80906